000 00867nam a2200229 a 4500
001 56920
003 BD-RjUL
005 20211209080441.0
008 161205s1982 bg ||||| |||| 00| 0 ben d
035 _a(BD-RjUL)57044
040 _aBD-RjUL
_bben
_cBD-RjUL
041 _aben
082 _223
_a294.5
_bSRE 1982
245 1 0 _aশ্রীমদ্ভাগবত /
_cভুমিকা : ত্রিপুরাশংকর সেনশাস্ত্রী
250 _a২য় সং.
260 _aকলকাতা :
_bহরফ প্রকাশনী,
_c১৯৮২
300 _a[২৮], ৮৬৩ পৃ. ;
_c২২ সেমি.
650 _aহিন্দুধর্ম
_9119080
650 _aHinduism
_9118440
700 _aসেনশাস্ত্রী, ত্রিপুরাশংকর ভুমিকা :
_9169189
942 _2ddc
_cBK
999 _c56920
_d56920